Milton Keynes - a land survey commentary (Record no. 88584)

MARC details
000 -LEADER
fixed length control field 00611cam a2200205 4500
001 - CONTROL NUMBER
control field D15695
008 - FIXED-LENGTH DATA ELEMENTS--GENERAL INFORMATION
fixed length control field 090401t1979 xxu||||| |||| 00| 0 eng d
035 ## - SYSTEM CONTROL NUMBER
System control number (Sirsi) u24643
041 ## - LANGUAGE CODE
Language code of text/sound track or separate title eng
050 ## - LIBRARY OF CONGRESS CALL NUMBER
Classification number 526.942575
100 ## - MAIN ENTRY--PERSONAL NAME
Personal name Anderson, M.F.
245 ## - TITLE STATEMENT
Title Milton Keynes - a land survey commentary
260 ## - PUBLICATION, DISTRIBUTION, ETC.
Name of publisher, distributor, etc. RICS
Date of publication, distribution, etc. 1979
300 ## - PHYSICAL DESCRIPTION
Extent 12p. 1. 31cm
350 ## - PRICE (NR) (BK AM CF MU VM SE) [OBSOLETE]
Price 0
520 ## - SUMMARY, ETC.
Summary, etc. Filed in Box 1979/23A : A paper given to the Ordinary General Meeting of the Land Surveyors Division on 1st. March 1979
710 ## - ADDED ENTRY--CORPORATE NAME
Corporate name or jurisdiction name as entry element Royal Institution of Chartered Surveyors
9 (RLIN) 4900
942 ## - ADDED ENTRY ELEMENTS (KOHA)
Suppress in OPAC 0
948 ## - LOCAL PROCESSING INFORMATION (OCLC); SERIES PART DESIGNATOR (RLIN)
c (OCLC) 04/03/1997
Holdings
Withdrawn status Lost status Source of classification or shelving scheme Damaged status Not for loan Home library Current library Shelving location Date acquired Total Checkouts Full call number Barcode Date last seen Copy number Price effective from Koha item type
    Other/Generic Classification Scheme     London London RICS Boxes 22/08/1991   RICS 1979/2 30027860 06/08/2019 1 06/08/2019 Reference material